[Event "IRI-ch U16 Girls"]
[Site "Chess.com INT"]
[Date "2021.01.16"]
[Round "6"]
[White "Dehghan, Zohreh"]
[Black "Rezaei Salim, Mahyas"]
[Result "0-1"]
[WhiteElo "1314"]
[BlackElo "1570"]
[PlyCount "72"]
[EventDate "2021.01.16"]
[EventType "swiss"]
[EventRounds "9"]
[EventCountry "IRI"]
[SourceTitle "EXT 2022"]
[Source "ChessBase"]
[SourceDate "2021.10.06"]
[SourceVersion "1"]
[SourceVersionDate "2021.10.06"]
[SourceQuality "1"]

1. e4 c6 2. d4 d5 3. exd5 cxd5 4. g3 Nc6 5. Bg2 Bf5 6. Nc3 e6 7. Nge2 Nf6 8. 0-0 Be7 9. a3 0-0 10. Bf4 Qb6 11. b4 a6 12. Na4 Qd8 13. Nc5 b6 14. Nd3 Rc8 15. Rc1 Na7 16. Ne5 a5 17. c4 axb4 18. axb4 Bxb4 19. Qa4 Ba5 20. cxd5 exd5 21. Nc6 Nxc6 22. Rxc6 Rxc6 23. Qxc6 Bd3 24. Bf3 Re8 25. Be5 Qd7 26. Re1 Qxc6 27. Rc1 Qd7 28. Nf4 Be4 29. Be2 Rc8 30. Rd1 h6 31. f3 Bg6 32. Ba6 Rc2 33. Nxg6 fxg6 34. Bd3 Rd2 35. Rxd2 Bxd2 36. Bxg6 Be3+ 0-1